00749 a2200145 4500003000400000005001700004008004100021020001800062100002000080245004000100250000600140260002600146500040600172650002500578OSt20250331161433.0241217b |||||||| |||| 00| 0 eng d a9788197849725 aMaurya, Archana aTextbook of Child Health Nursing -I a1 bAitbs Publisherc2025 aguidelines, focusing on the competencies, clinical guidelines, ensuring, applications through case studies, clinical scenarios, and skill-based exercises, Lear explanations, illustrations, and diagrams to facilitate ,neonates, growth and development including premature and full-term infants, covering, high-risk neonates, including those with congenital anomalies, infections, and metabolic disorders aChild Health Nursing